[Event "Pavlodar Open 2016"]
[Site "Pavlodar, "]
[Date "2016.11.23"]
[Round "4"]
[White "Akhmetov, Ayan"]
[Black "Kuderinov, Kirill"]
[Result "1-0"]
[WhiteElo "2305"]
[BlackElo "2484"]
[PlyCount "117"]
[EventDate "2017.??.??"]

1. e4 e5 2. Nf3 Nc6 3. d4 exd4 4. Nxd4 Bc5 5. Nb3 Bb4+ 6. c3 Be7 7. c4 Nf6 8.
f3 O-O 9. Nc3 a5 10. a3 Nh5 11. g3 f5 12. f4 Nf6 13. e5 Ne4 14. Nxe4 fxe4 15.
Be3 d6 16. Qd5+ Kh8 17. e6 Bf6 18. O-O-O a4 19. Nd4 Re8 20. f5 Bxd4 21. Rxd4
Ra5 22. Rxe4 Rxd5 23. cxd5 Ne5 24. h4 c6 25. Rxa4 cxd5 26. Kb1 Qf6 27. Rf4 Nc6
28. Bg2 h6 29. Bxd5 Qe5 30. Bxc6 bxc6 31. Bd4 Qd5 32. Re1 Kh7 33. Bc3 h5 34. g4
hxg4 35. Rg1 Bxe6 36. fxe6 Rxe6 37. Rfxg4 g6 38. Rf4 Re4 39. Rf8 Re5 40. Bxe5
Qxe5 41. Rff1 c5 42. Ka2 c4 43. Rf3 Qe6 44. Rc3 d5 45. Rcg3 Qb6 46. Rc1 Qb5 47.
Rgc3 Kh6 48. Ka1 Qc5 49. Rg3 Kh7 50. Rg5 Qc6 51. h5 d4 52. hxg6+ Kg7 53. Rg4
Qc5 54. Rf4 c3 55. Rf7+ Kxg6 56. Rf2 Qg5 57. Rcf1 Qg3 58. Ka2 cxb2 59. Rf6+ 1-0

[Event "Pavlodar Open 2016"]
[Site "Pavlodar, "]
[Date "2016.11.26"]
[Round "7"]
[White "Agmanov, Zhandos"]
[Black "Nyshanbayev, B."]
[Result "1-0"]
[WhiteElo "2356"]
[BlackElo "2182"]
[PlyCount "73"]
[EventDate "2017.??.??"]

1. e4 d6 2. d4 Nf6 3. Nc3 e5 4. Nf3 Nbd7 5. Bc4 Be7 6. O-O O-O 7. Re1 c6 8. a4
a5 9. h3 Nb6 10. Ba2 Nfd7 11. Be3 exd4 12. Bxd4 Nc5 13. Bxc5 dxc5 14. Qe2 Qd6
15. Rad1 Qg6 16. Kh1 Qh6 17. Ne5 Bf6 18. f4 Bxe5 19. fxe5 Be6 20. Rd6 c4 21.
Qf2 Nc8 22. Rd4 Qg5 23. Bxc4 c5 24. Rd5 Nb6 25. Bb5 Nxd5 26. exd5 Bf5 27. d6
Be6 28. Qxc5 Qd2 29. Re2 Qc1+ 30. Kh2 Qxb2 31. Nd5 Bxd5 32. Qxd5 b6 33. d7 Qc3
34. Qd6 Rab8 35. Rd2 h5 36. Rd3 Qxc2 37. Qxb8 1-0

[Event "Pavlodar Open 2016"]
[Site "Pavlodar, "]
[Date "2016.11.27"]
[Round "8"]
[White "Zubarev, Alexander"]
[Black "Burmakin, Vladimir"]
[Result "1/2-1/2"]
[WhiteElo "2508"]
[BlackElo "2535"]
[PlyCount "26"]
[EventDate "2017.??.??"]

1. e4 c6 2. d4 d5 3. Nd2 dxe4 4. Nxe4 Bf5 5. Ng3 Bg6 6. h4 h6 7. Nf3 Nd7 8. h5
Bh7 9. Bd3 Bxd3 10. Qxd3 e6 11. Bf4 Qa5+ 12. Bd2 Qc7 13. O-O-O O-O-O 1/2-1/2

[Event "Pavlodar Open 2016"]
[Site "Pavlodar, "]
[Date "2016.11.22"]
[Round "2"]
[White "Zablotsky, Sergei"]
[Black "Turar, Dastan"]
[Result "1/2-1/2"]
[WhiteElo "2518"]
[BlackElo "2260"]
[PlyCount "65"]
[EventDate "2017.??.??"]

1. e4 c5 2. Be2 d6 3. f4 Nf6 4. d3 g6 5. Nf3 Bg7 6. O-O O-O 7. c3 Nc6 8. Qe1 c4
9. Na3 cxd3 10. Bxd3 e5 11. Kh1 a6 12. Qh4 d5 13. exd5 Nxd5 14. Qxd8 Rxd8 15.
fxe5 Nxe5 16. Nxe5 Bxe5 17. Be4 Be6 18. Bg5 f6 19. Bxd5 Rxd5 20. Bxf6 Bxf6 21.
Rxf6 Bf5 22. Nc4 Re8 23. Rd6 Be4 24. Kg1 b5 25. Re1 Rg5 26. Ne3 Bxg2 27. h4 Rg3
28. Kf2 Rf3+ 29. Kxg2 Rfxe3 30. Rxe3 Rxe3 31. Kf2 Rh3 32. Rxa6 Rh2+ 33. Kg3 $11
1/2-1/2

[Event "Pavlodar Open 2016"]
[Site "Pavlodar, "]
[Date "2016.11.29"]
[Round "10"]
[White "Zablotsky, Sergei"]
[Black "Tologontegin, Semetey"]
[Result "1/2-1/2"]
[WhiteElo "2518"]
[BlackElo "2373"]
[PlyCount "26"]
[EventDate "2017.??.??"]

1. e4 c5 2. Nc3 d6 3. f4 g6 4. Nf3 Bg7 5. Bc4 Nc6 6. O-O e6 7. d3 Nge7 8. f5
exf5 9. Qe1 h6 10. Kh1 fxe4 11. dxe4 Be6 12. Nd5 O-O 13. Bf4 Na5 1/2-1/2

[Event "Pavlodar Open 2016"]
[Site "Pavlodar, "]
[Date "2016.11.23"]
[Round "4"]
[White "Vokarev, Sergey"]
[Black "Babujian, Levon"]
[Result "1/2-1/2"]
[WhiteElo "2454"]
[BlackElo "2461"]
[PlyCount "60"]
[EventDate "2017.??.??"]

1. Nf3 Nf6 2. g3 g6 3. Bg2 Bg7 4. O-O O-O 5. d4 d5 6. c4 dxc4 7. Na3 c3 8. bxc3
c5 9. Ne5 Nc6 10. Nac4 Nd5 11. Nxc6 bxc6 12. Bd2 cxd4 13. cxd4 Bxd4 14. Rc1 Be6
15. Na5 c5 16. e3 Bb2 17. Rxc5 Ba3 18. Rc4 Qb6 19. Rd4 Qb5 20. Qb3 Qxb3 21.
Nxb3 Rad8 22. Ra4 Bb2 23. Rxa7 Ra8 24. Ra5 Rxa5 25. Nxa5 Rc8 26. Nb3 Nc3 27.
Bxc3 Rxc3 28. Rb1 Ba3 29. h4 Kg7 30. Rd1 Bxb3 1/2-1/2

[Event "Pavlodar Open 2016"]
[Site "Pavlodar, "]
[Date "2016.11.21"]
[Round "1"]
[White "Vasiliev, Georgiy"]
[Black "Aleksandrov, Aleksej"]
[Result "1/2-1/2"]
[WhiteElo "2077"]
[BlackElo "2574"]
[PlyCount "86"]
[EventDate "2017.??.??"]

1. d4 Nf6 2. Nf3 e6 3. c4 d5 4. Nc3 Nbd7 5. cxd5 exd5 6. Bg5 Bb4 7. e3 c5 8.
Qc1 Qa5 9. a3 Bxc3+ 10. Qxc3 Qxc3+ 11. bxc3 Ne4 12. Rc1 c4 13. Bf4 Nb6 14. Nd2
Bf5 15. f3 Nxd2 16. Kxd2 h5 17. Re1 O-O 18. e4 Bg6 19. g3 Rfe8 20. Bg2 f6 21.
Re2 Re7 22. Rhe1 Rae8 23. Bd6 Rd7 24. Bf4 dxe4 25. fxe4 Na4 26. e5 fxe5 27.
Rxe5 Rxe5 28. Rxe5 a6 29. Rd5 Re7 30. Rd8+ Kh7 31. Bd5 Bd3 32. Bg8+ Kg6 33.
Rd6+ Kf5 34. Bh7+ Kg4 35. Bxd3 cxd3 36. Kxd3 Nb2+ 37. Kc2 Nc4 38. Rg6+ Kf5 39.
Rg5+ Ke4 40. d5 h4 41. Kb3 Nb6 42. Rh5 hxg3 43. Bxg3 Nxd5 1/2-1/2

[Event "Pavlodar Open 2016"]
[Site "Pavlodar, "]
[Date "2016.11.23"]
[Round "4"]
[White "Tologontegin, Semetey"]
[Black "Zubarev, Alexander"]
[Result "1/2-1/2"]
[WhiteElo "2373"]
[BlackElo "2508"]
[PlyCount "55"]
[EventDate "2017.??.??"]

1. Nf3 d5 2. g3 Nf6 3. Bg2 c6 4. O-O Bg4 5. d3 Nbd7 6. h3 Bxf3 7. Bxf3 a5 8. a4
e6 9. e4 Bc5 10. Qe2 dxe4 11. dxe4 Qc7 12. Kh1 O-O 13. Nd2 Rfd8 14. Nc4 e5 15.
Bg2 b5 16. Nd2 Be7 17. Nb3 Nb6 18. axb5 a4 19. Nd2 cxb5 20. Qxb5 Rab8 21. Nf3
Nc4 22. Qxa4 Nxb2 23. Qa5 Qxa5 24. Rxa5 Nc4 25. Ra4 Rdc8 26. Ne1 Ra8 27. Rxa8
Rxa8 28. Nd3 1/2-1/2

[Event "Pavlodar Open 2016"]
[Site "Pavlodar, "]
[Date "2016.11.27"]
[Round "8"]
[White "Tologontegin, Semetey"]
[Black "Malakhatko, Vadim"]
[Result "1/2-1/2"]
[WhiteElo "2373"]
[BlackElo "2504"]
[PlyCount "98"]
[EventDate "2017.??.??"]

1. Nf3 Nf6 2. g3 d5 3. Bg2 c6 4. O-O Bf5 5. c4 e6 6. cxd5 exd5 7. d3 Be7 8. Qb3
Qb6 9. Qc2 O-O 10. Nc3 h6 11. e4 Bh7 12. Be3 Qa6 13. Rfd1 Nbd7 14. exd5 cxd5
15. Qb3 Rad8 16. d4 Nb6 17. Ne5 Ne4 18. Rac1 Nxc3 19. Rxc3 Bd6 20. Nd3 Bxd3 21.
Rdxd3 Rfe8 22. h4 Bf8 23. Rc2 Bd6 24. Rdc3 Rf8 25. Bf1 Qa4 26. Qxa4 Nxa4 27.
Rb3 Nb6 28. Rb5 Rfe8 29. Kh2 Re7 30. Kh3 Rc7 31. Rxc7 Bxc7 32. b3 a6 33. Rb4
Rd7 34. a4 Bd8 35. a5 Nc8 36. Ra4 Na7 37. Bd2 Bf6 38. Kg4 Nc6 39. Be3 Kf8 40.
Kf3 Re7 41. Kg2 g5 42. h5 Ke8 43. b4 Bxd4 44. b5 Bxe3 45. bxc6 Bc5 46. cxb7
Rxb7 47. Ra2 Kd7 48. Bxa6 Rb3 49. Bf1 Ba3 1/2-1/2

[Event "Pavlodar Open 2016"]
[Site "Pavlodar, "]
[Date "2016.11.25"]
[Round "6"]
[White "Tologontegin, Semetey"]
[Black "Bezgodov, Alexei"]
[Result "1/2-1/2"]
[WhiteElo "2373"]
[BlackElo "2497"]
[PlyCount "32"]
[EventDate "2017.??.??"]

1. Nf3 d5 2. g3 g6 3. Bg2 Bg7 4. d4 c6 5. O-O Nf6 6. b3 O-O 7. Bb2 Bf5 8. c4
Ne4 9. Nbd2 a5 10. cxd5 cxd5 11. Ne5 a4 12. Nxe4 Bxe4 13. Bxe4 dxe4 14. Qc2 Qd5
15. bxa4 Nc6 16. Nxc6 Qxc6 1/2-1/2

[Event "Pavlodar Open 2016"]
[Site "Pavlodar, "]
[Date "2016.11.27"]
[Round "8"]
[White "Suleymenov, Alisher"]
[Black "Saiyn, Zhanat"]
[Result "1/2-1/2"]
[WhiteElo "2277"]
[BlackElo "2384"]
[PlyCount "29"]
[EventDate "2017.??.??"]

1. Nf3 d5 2. c4 c6 3. d4 Nf6 4. cxd5 cxd5 5. Nc3 Nc6 6. Bf4 Bf5 7. e3 e6 8. Bd3
Bxd3 9. Qxd3 Bd6 10. Bxd6 Qxd6 11. O-O O-O 12. Rfc1 Rfc8 13. h3 h6 14. a3 a6
15. Na4 $11 1/2-1/2

[Event "Pavlodar Open 2016"]
[Site "Pavlodar, "]
[Date "2016.11.23"]
[Round "4"]
[White "Sisabayev, Kuanysh"]
[Black "Bezgodov, Alexei"]
[Result "1/2-1/2"]
[WhiteElo "2258"]
[BlackElo "2497"]
[PlyCount "92"]
[EventDate "2017.??.??"]

1. d4 d5 2. Bg5 f6 3. Bf4 Nc6 4. e3 e5 5. Bg3 Bd6 6. Bb5 Nge7 7. Nc3 O-O 8.
dxe5 Bxe5 9. Nge2 Bg4 10. Qd2 a6 11. Bxc6 bxc6 12. f3 Bd7 13. O-O-O Rb8 14. e4
Be6 15. Nf4 Bf7 16. exd5 Qd6 17. Nd3 Bxg3 18. hxg3 cxd5 19. Qf4 Qb6 20. Na4 Qa5
21. b3 Rfe8 22. Qd2 Qb5 23. Rh4 Ng6 24. Rb4 Qd7 25. Qc3 Qd6 26. Rxb8 Rxb8 27.
g4 Nf4 28. Nxf4 Qxf4+ 29. Qd2 Qd6 30. Qd4 h6 31. Rd2 Rd8 32. Kb1 Re8 33. Nc5
Qb6 34. Qf2 Re7 35. Nd3 d4 36. Re2 Rxe2 37. Qxe2 c5 38. Kc1 Qa5 39. Qe7 Qxa2
40. Qxc5 Qa1+ 41. Kd2 a5 42. Nc1 Bg6 43. f4 a4 44. f5 Bf7 45. bxa4 Qxa4 46. Nd3
Qa2 1/2-1/2

[Event "Pavlodar Open 2016"]
[Site "Pavlodar, "]
[Date "2016.11.21"]
[Round "1"]
[White "Sapozhnikov, Evgeny"]
[Black "Kostenko, Petr"]
[Result "1/2-1/2"]
[WhiteElo "2014"]
[BlackElo "2465"]
[PlyCount "85"]
[EventDate "2017.??.??"]

1. d4 e6 2. e4 d5 3. e5 c5 4. c3 Nc6 5. Nf3 Nh6 6. Bd3 cxd4 7. cxd4 Nf5 8. Bxf5
exf5 9. Nc3 Be6 10. a3 Be7 11. b4 Rc8 12. Bb2 g5 13. h3 h6 14. Na4 b6 15. Nc3
Kf8 16. Ne2 b5 17. Qd3 a5 18. Ng3 axb4 19. Nxf5 bxa3 20. Bxa3 Nb4 21. Bxb4
Bxb4+ 22. Ke2 Qd7 23. g4 Kg8 24. Rhc1 Rb8 25. Ra2 Bf8 26. h4 gxh4 27. N3xh4 b4
28. Rg1 Qb5 29. Qxb5 Rxb5 30. Ra8 Kh7 31. g5 Bxf5 32. Nxf5 Rg8 33. Nxh6 Bxh6
34. Rxg8 Kxg8 35. gxh6+ Kh7 36. Kd2 Rb6 37. Rc1 b3 38. Rb1 Kxh6 39. Kc3 Rc6+
40. Kd3 Rb6 41. Kc3 Rc6+ 42. Kd3 Rb6 43. Kc3 1/2-1/2

[Event "Pavlodar Open 2016"]
[Site "Pavlodar, "]
[Date "2016.11.24"]
[Round "5"]
[White "Saiyn, Zhanat"]
[Black "Komov, Roman"]
[Result "1/2-1/2"]
[WhiteElo "2384"]
[BlackElo "2167"]
[PlyCount "75"]
[EventDate "2017.??.??"]

1. d4 e6 2. c4 Nf6 3. Nf3 b6 4. a3 Bb7 5. Nc3 d5 6. Bg5 Be7 7. e3 O-O 8. Qc2
Nbd7 9. cxd5 Nxd5 10. Bxe7 Nxe7 11. Bd3 h6 12. Rd1 Rc8 13. Bh7+ Kh8 14. Be4
Bxe4 15. Nxe4 Nd5 16. Qc6 Qe7 17. O-O Rfd8 18. Rc1 Nb8 19. Qc4 Nd7 20. Qc6 Ra8
21. Qb7 Rdc8 22. Qc6 a5 23. Rc2 Rab8 24. Qb5 f5 25. Nc3 Nxc3 26. Rxc3 c5 27.
Rfc1 Rd8 28. dxc5 Nxc5 29. Ne5 Qe8 30. Qxe8+ Rxe8 31. b4 axb4 32. axb4 Na6 33.
Nc6 Rbc8 34. f4 Rc7 35. h3 b5 36. Nd4 Rxc3 37. Rxc3 Nxb4 38. Nxb5 1/2-1/2

[Event "Pavlodar Open 2016"]
[Site "Pavlodar, "]
[Date "2016.11.29"]
[Round "10"]
[White "Sadubayev, Airat"]
[Black "Tokhirjonova, Gulrukhbegim"]
[Result "1/2-1/2"]
[WhiteElo "2170"]
[BlackElo "2286"]
[PlyCount "99"]
[EventDate "2017.??.??"]

1. e4 e5 2. Nf3 Nc6 3. Bb5 a6 4. Ba4 Nf6 5. O-O Be7 6. Re1 b5 7. Bb3 d6 8. c3
O-O 9. h3 Nb8 10. d4 Nbd7 11. Nbd2 Bb7 12. Bc2 Re8 13. a4 Bf8 14. Bd3 c6 15. b3
Qc7 16. Bb2 Rad8 17. Qc2 g6 18. Bf1 Bg7 19. Rad1 Nh5 20. Qb1 Qb6 21. Qa1 c5 22.
dxe5 Nxe5 23. Nxe5 Bxe5 24. axb5 axb5 25. c4 b4 26. g3 Ra8 27. Qb1 Ng7 28. Bg2
Ne6 29. Nf3 Qc7 30. Re2 Rad8 31. Qa1 f6 32. Qb1 Bc6 33. Nh2 Bxb2 34. Qxb2 Nd4
35. Ree1 Qb7 36. Ng4 Re6 37. f3 Rde8 38. Ne3 f5 39. Nc2 Nxc2 40. Qxc2 fxe4 41.
fxe4 Qg7 42. Re3 Rf8 43. Rde1 Qe5 44. Qd2 Ref6 45. R1e2 Ra8 46. Re1 Ra3 47. Rd3
Bb7 48. Rde3 Rf8 49. Rd3 Ra6 50. Rd1 1/2-1/2

[Event "Pavlodar Open 2016"]
[Site "Pavlodar, "]
[Date "2016.11.25"]
[Round "6"]
[White "Sadubayev, Airat"]
[Black "Markov, Mikhail"]
[Result "1/2-1/2"]
[WhiteElo "2170"]
[BlackElo "2430"]
[PlyCount "148"]
[EventDate "2017.??.??"]

1. e4 c5 2. Nf3 e6 3. d4 cxd4 4. Nxd4 Nf6 5. Nc3 d6 6. g4 h6 7. Rg1 a6 8. h4
Nfd7 9. g5 hxg5 10. hxg5 g6 11. Be3 b5 12. a3 Bb7 13. Qd2 Nb6 14. O-O-O N8d7
15. f4 Nc5 16. f5 Nc4 17. Bxc4 bxc4 18. fxe6 fxe6 19. Qe2 Rh3 20. Rgf1 Qe7 21.
Nf3 Rc8 22. Nd2 Nd7 23. Rf3 Rxf3 24. Nxf3 Bg7 25. Bd4 Bxd4 26. Rxd4 Nb6 27. Kb1
e5 28. Rd1 Kd7 29. Qe3 Rc6 30. a4 Kc8 31. Nd2 Rc5 32. Rf1 Nd7 33. Rh1 Qg7 34.
Rh6 Nf8 35. Qh3+ Kd8 36. Rh8 Rc7 37. Nxc4 Rxc4 38. Qh6 Qxh6 39. gxh6 Ke7 40. h7
Rc8 41. Rg8 Nxh7 42. Rg7+ Ke6 43. Rxb7 Nf6 44. Rg7 Rg8 45. Rxg8 Nxg8 46. b4 Nf6
47. b5 axb5 48. axb5 Kd7 49. Kc1 Kc8 50. Nd5 Nxe4 51. Ne7+ Kc7 52. Nxg6 Nc3 53.
Kd2 Nxb5 54. Kd3 Kc6 55. c4 Na3 56. Nf8 Kc5 57. Nd7+ Kb4 58. c5 dxc5 59. Nxe5
Kb3 60. Kd2 Nb5 61. Kd3 Nd6 62. Kd2 Ne4+ 63. Kd3 Nd6 64. Kd2 Nb5 65. Kd3 Na3
66. Kd2 Nb1+ 67. Kc1 Nc3 68. Kd2 Na2 69. Kd3 Nc3 70. Kd2 Nd5 71. Kd3 Nb6 72.
Kd2 Na4 73. Kd3 Nb2+ 74. Kd2 Kb4 1/2-1/2

[Event "Pavlodar Open 2016"]
[Site "Pavlodar, "]
[Date "2016.11.22"]
[Round "2"]
[White "Sadubayev, Airat"]
[Black "Babujian, Levon"]
[Result "1/2-1/2"]
[WhiteElo "2170"]
[BlackElo "2461"]
[PlyCount "103"]
[EventDate "2017.??.??"]

1. e4 c5 2. Nf3 d6 3. d4 cxd4 4. Nxd4 Nf6 5. Nc3 a6 6. h3 e6 7. g4 b5 8. Bg2
Bb7 9. a3 Qc7 10. O-O Be7 11. Qd2 O-O 12. b3 Nc6 13. Bb2 Rac8 14. Rfe1 Rfd8 15.
Rac1 Nxd4 16. Qxd4 d5 17. e5 Ne4 18. Nxe4 dxe4 19. Qe3 Bc5 20. Qe2 Bd4 21. c3
Bxe5 22. Bxe4 Bf4 23. Rc2 h5 24. Bxb7 Qxb7 25. Qe4 Qb8 26. Qf3 hxg4 27. hxg4
Be5 28. Kg2 Rd5 29. Rd1 Rxd1 30. Qxd1 a5 31. Qf3 a4 32. bxa4 bxa4 33. Qe4 Qb3
34. Rd2 Bf6 35. Qb4 Rb8 36. Qxb3 Rxb3 37. Rc2 Kf8 38. Kf3 Ke7 39. Ke4 Kd6 40.
f4 Kc6 41. g5 Be7 42. c4 f6 43. gxf6 gxf6 44. f5 e5 45. Rh2 Bc5 46. Bc1 Rc3 47.
Bd2 Rxc4+ 48. Kd3 Rd4+ 49. Kc3 Bxa3 50. Rh8 Be7 51. Re8 Kd7 52. Ra8 1/2-1/2

[Event "Pavlodar Open 2016"]
[Site "Pavlodar, "]
[Date "2016.11.22"]
[Round "2"]
[White "Oshakbayev, Bauyrzhan"]
[Black "Matsenko, Andrei"]
[Result "1/2-1/2"]
[WhiteElo "2146"]
[BlackElo "2372"]
[PlyCount "51"]
[EventDate "2017.??.??"]

1. f4 d5 2. Nf3 c5 3. g3 Nc6 4. Bg2 Nf6 5. O-O g6 6. d3 Bg7 7. c3 O-O 8. Qe1 d4
9. Na3 Nd5 10. Bd2 Rb8 11. e4 dxe3 12. Bxe3 b6 13. Nc4 Bb7 14. Rd1 Qc7 15. Bc1
Rbd8 16. Nce5 e6 17. g4 Nce7 18. Qg3 f6 19. Nc4 b5 20. Na3 a6 21. Nc2 Rde8 22.
Rde1 Nc6 23. Kh1 Re7 24. d4 c4 25. a3 a5 26. Nd2 1/2-1/2

[Event "Pavlodar Open 2016"]
[Site "Pavlodar, "]
[Date "2016.11.23"]
[Round "4"]
[White "Nyshanbayev, B."]
[Black "Markov, Mikhail"]
[Result "1/2-1/2"]
[WhiteElo "2182"]
[BlackElo "2430"]
[PlyCount "62"]
[EventDate "2017.??.??"]

1. d4 Nf6 2. Nf3 e6 3. Bg5 c5 4. c3 Nc6 5. e3 Be7 6. h3 O-O 7. Nbd2 d5 8. Bd3
b6 9. O-O Qc7 10. Qe2 Rd8 11. Rfd1 Bb7 12. Rac1 e5 13. dxe5 Nxe5 14. Bf4 Bd6
15. Nxe5 Bxe5 16. Bxe5 Qxe5 17. Nf3 Qe7 18. Ba6 Bxa6 19. Qxa6 Rd6 20. b4 Ne4
21. Nd2 Rg6 22. Nxe4 Qxe4 23. g3 Qe6 24. Qb7 Rd8 25. Qc7 Re8 26. h4 h6 27. bxc5
Rc8 28. Qxa7 bxc5 29. Qb7 Rc6 30. c4 Rxg3+ 31. fxg3 Qxe3+ 1/2-1/2

[Event "Pavlodar Open 2016"]
[Site "Pavlodar, "]
[Date "2016.11.27"]
[Round "8"]
[White "Nurzhanov, Timur"]
[Black "Urazayev, Arystanbek"]
[Result "1/2-1/2"]
[WhiteElo "2169"]
[BlackElo "2314"]
[PlyCount "114"]
[EventDate "2017.??.??"]

1. d4 Nf6 2. c4 e6 3. Nc3 Bb4 4. g3 c5 5. Nf3 cxd4 6. Nxd4 Ne4 7. Qb3 Na6 8.
Bg2 Nxc3 9. bxc3 Be7 10. O-O O-O 11. Rd1 Nc5 12. Qc2 a6 13. Bf4 d6 14. Nb3 Qc7
15. Nxc5 Qxc5 16. Qd3 e5 17. Be3 Qa3 18. Rab1 Rb8 19. Ba7 Ra8 20. Bb6 g6 21.
Bd5 Bf5 22. e4 Bg4 23. Rd2 Rae8 24. Be3 Kg7 25. Qc2 f5 26. Rxb7 f4 27. gxf4
exf4 28. Bd4+ Kh6 29. h3 Bf3 30. Rd3 Bh5 31. Kh2 Bf6 32. Qb2 Qxb2 33. Rxb2 Be5
34. Rb7 Be2 35. Rd2 f3+ 36. Kg1 g5 37. Rdb2 g4 38. hxg4 Bxd4 39. cxd4 Rf4 40.
g5+ Kg6 41. Rd7 Rg4+ 42. Kh2 Rg2+ 43. Kh1 Rf8 44. Rbb7 Rxf2 45. Rg7+ Kh5 46.
Rxh7+ Kxg5 47. e5 dxe5 48. dxe5 Bd3 49. Rbg7+ Kf4 50. Rf7+ Rxf7 51. Rxf7+ Kxe5
52. Rxf3 Rxf3 53. Bxf3 Bxc4 54. a3 Kd4 55. Kg1 Kc3 56. Kf2 Kb3 57. Ke3 Kxa3
1/2-1/2

[Event "Pavlodar Open 2016"]
[Site "Pavlodar, "]
[Date "2016.10.22"]
[Round "2"]
[White "Nukin, Tolegen"]
[Black "Makhnyov, Denis"]
[Result "1/2-1/2"]
[WhiteElo "2144"]
[BlackElo "2366"]
[PlyCount "43"]
[EventDate "2017.??.??"]

1. c4 Nf6 2. g3 c5 3. Bg2 g6 4. Nc3 Bg7 5. e4 Nc6 6. Nge2 O-O 7. O-O Ne8 8. d3
Nc7 9. Be3 Ne6 10. Qd2 Ned4 11. Bh6 Ne5 12. Nxd4 Bxh6 13. Qxh6 cxd4 14. Ne2 Qb6
15. Qd2 a5 16. Nf4 e6 17. h3 d6 18. Ne2 Bd7 19. f4 Nxc4 20. dxc4 d3+ 21. Kh2
dxe2 22. Qxe2 1/2-1/2

[Event "Pavlodar Open 2016"]
[Site "Pavlodar, "]
[Date "2016.11.28"]
[Round "9"]
[White "Nevostrujev, Vladimir"]
[Black "Suleymenov, Alisher"]
[Result "1/2-1/2"]
[WhiteElo "2406"]
[BlackElo "2277"]
[PlyCount "51"]
[EventDate "2016.??.??"]

1. e4 c5 2. Nf3 d6 3. d4 cxd4 4. Nxd4 Nf6 5. Nc3 a6 6. g3 g6 7. Bg2 Bg7 8. O-O
O-O 9. h3 Nc6 10. Be3 Bd7 11. Nd5 Rc8 12. Nxc6 bxc6 13. Bb6 Qe8 14. Nc7 Qd8 15.
Nd5 Qe8 16. Nxf6+ Bxf6 17. Bd4 Bxd4 18. Qxd4 c5 19. Qc3 Be6 20. f4 f6 21. Rad1
Qa4 22. a3 Qc4 23. Qxc4 Bxc4 24. Rfe1 Rb8 25. b3 Be6 26. Re3 1/2-1/2

[Event "Pavlodar Open 2016"]
[Site "Pavlodar, "]
[Date "2016.11.22"]
[Round "2"]
[White "Nasybullina, Alfia"]
[Black "Bezgodov, Alexei"]
[Result "1/2-1/2"]
[WhiteElo "2190"]
[BlackElo "2497"]
[PlyCount "34"]
[EventDate "2017.??.??"]

1. d4 d5 2. c4 e6 3. Nf3 Nf6 4. Nc3 c5 5. cxd5 cxd4 6. Qa4+ Nbd7 7. Nxd4 exd5
8. Bg5 Qb6 9. Bxf6 Qxb2 10. Nb3 gxf6 11. Nxd5 Bd6 12. e3 Kf8 13. Rd1 Rg8 14.
Rd2 Qb1+ 15. Rd1 Qb2 16. Rd2 Qb1+ 17. Rd1 Qb2 1/2-1/2

[Event "Pavlodar Open 2016"]
[Site "Pavlodar, "]
[Date "2016.11.22"]
[Round "3"]
[White "Matsenko, Andrei"]
[Black "Nukin, Tolegen"]
[Result "1/2-1/2"]
[WhiteElo "2372"]
[BlackElo "2144"]
[PlyCount "45"]
[EventDate "2017.??.??"]

1. c4 c5 2. Nf3 g6 3. Nc3 Bg7 4. d4 cxd4 5. Nxd4 Nc6 6. Nc2 Bxc3+ 7. bxc3 Qa5
8. Bb2 Nf6 9. e3 d6 10. Be2 Bd7 11. O-O Rc8 12. Nd4 Ne5 13. Qb3 O-O 14. g4 Ba4
15. Qxb7 Rc7 16. Qb4 Qxb4 17. cxb4 Nxc4 18. Rac1 Rfc8 19. Bxc4 Rxc4 20. a3 Ne4
21. Rxc4 Rxc4 22. Rc1 Rxc1+ 23. Bxc1 1/2-1/2

[Event "Pavlodar Open 2016"]
[Site "Pavlodar, "]
[Date "2016.11.24"]
[Round "5"]
[White "Markov, Mikhail"]
[Black "Nasybullina, Alfia"]
[Result "1/2-1/2"]
[WhiteElo "2430"]
[BlackElo "2190"]
[PlyCount "161"]
[EventDate "2017.??.??"]

1. d4 e6 2. Nf3 d5 3. Bf4 Nf6 4. e3 Bd6 5. Bd3 Bxf4 6. exf4 Qd6 7. Qd2 Ne4 8.
Bxe4 dxe4 9. Ne5 Qa6 10. Qc3 O-O 11. Nd2 f6 12. Nec4 Qc6 13. a4 b6 14. O-O Bb7
15. Rfe1 Nd7 16. Ne3 Qd6 17. g3 c5 18. dxc5 Nxc5 19. Ndc4 Qc6 20. b4 Nd7 21.
Red1 Rfd8 22. Rd6 Qc7 23. Rad1 Nf8 24. Qd4 Rxd6 25. Qxd6 Rc8 26. a5 bxa5 27.
Nxa5 Kf7 28. c4 Ba8 29. c5 Qxd6 30. Rxd6 Ke7 31. Ra6 Rc7 32. f5 g6 33. b5 gxf5
34. b6 axb6 35. cxb6 Rc1+ 36. Kg2 Bd5 37. Nxd5+ exd5 38. b7 Nd7 39. Nc6+ Kf7
40. b8=Q Nxb8 41. Nxb8 d4 42. Rd6 d3 43. Na6 Rc4 44. Rb6 Rc2 45. Rb1 Ke6 46.
Nb4 Rc4 47. Kf1 d2 48. Rd1 Rxb4 49. Rxd2 f4 50. gxf4 Rb7 51. Ke2 Kf5 52. Rd6
Rb3 53. Kf1 Rf3 54. Rd5+ Kxf4 55. Kg2 Rd3 56. Rh5 Rd7 57. Rh4+ Ke5 58. Kf1 Ra7
59. f3 f5 60. fxe4 fxe4 61. Rh3 Kd4 62. Ke2 Rb7 63. Ke1 Rb2 64. Kf1 Rc2 65.
Rxh7 Ke3 66. h4 Rc1+ 67. Kg2 Ke2 68. h5 e3 69. Ra7 Rc2 70. h6 Kd3+ 71. Kg3 Rc8
72. h7 e2 73. Rd7+ Ke3 74. Re7+ Kd2 75. Rd7+ Ke1 76. Kg2 Rg8+ 77. Kh2 Rh8 78.
Kg2 Rg8+ 79. Kf3 Rf8+ 80. Kg2 Rg8+ 81. hxg8=Q 1/2-1/2

[Event "Pavlodar Open 2016"]
[Site "Pavlodar, "]
[Date "2016.11.29"]
[Round "10"]
[White "Markov, Mikhail"]
[Black "Aleksandrov, Aleksej"]
[Result "1/2-1/2"]
[WhiteElo "2430"]
[BlackElo "2574"]
[PlyCount "99"]
[EventDate "2017.??.??"]

1. c4 e6 2. Nf3 d5 3. d4 Nf6 4. g3 dxc4 5. Bg2 Bb4+ 6. Bd2 a5 7. O-O c6 8. Qc2
Bxd2 9. Nbxd2 b5 10. e4 O-O 11. b3 cxb3 12. Nxb3 Nfd7 13. Rfd1 Qe7 14. d5 Bb7
15. Nfd4 a4 16. dxc6 axb3 17. cxb7 bxc2 18. bxa8=Q cxd1=Q+ 19. Rxd1 Qd6 20. Bf3
Qb6 21. Qa3 b4 $11 22. Qe3 Rc8 23. Be2 h6 24. Rb1 Nc6 25. Nxc6 Qxe3 26. fxe3
Rxc6 27. Bb5 Rc7 28. Rxb4 Rc1+ 29. Kf2 Ne5 30. a4 Ra1 31. Ke2 Kf8 32. Kd2 Ke7
33. Kc3 Kd6 34. Rb2 Kc5 35. Kb3 g5 36. Rc2+ Kb6 37. Rc8 Rb1+ 38. Kc2 Rh1 39.
Rb8+ Kc7 40. Re8 Rxh2+ 41. Kb3 Kb6 42. Rb8+ Kc7 43. Re8 Kb6 44. Rb8+ Kc7 45.
Ra8 Kb7 46. Rh8 Kb6 47. Kb4 Rb2+ 48. Kc3 Rg2 49. Rb8+ Kc7 50. Re8 1/2-1/2

[Event "Pavlodar Open 2016"]
[Site "Pavlodar, "]
[Date "2016.11.22"]
[Round "3"]
[White "Mamyrbay, Assad"]
[Black "Zablotsky, Sergei"]
[Result "1/2-1/2"]
[WhiteElo "2284"]
[BlackElo "2518"]
[PlyCount "74"]
[EventDate "2017.??.??"]

1. e4 d6 2. d4 Nf6 3. Nc3 g6 4. Be3 c6 5. h3 Bg7 6. Qd2 b5 7. a3 O-O 8. Nf3 Qc7
9. Bd3 Nbd7 10. O-O a6 11. Rfe1 e5 12. Rad1 Re8 13. Bf1 Bb7 14. dxe5 dxe5 15.
Qd6 Qc8 16. Bg5 Bf8 17. Qd2 Qc7 18. g3 Rad8 19. Qc1 Be7 20. h4 Nc5 21. Bh3 a5
22. Qe3 Ncd7 23. Bxd7 Rxd7 24. Rxd7 Nxd7 25. Bxe7 Rxe7 26. h5 f6 27. Kg2 Nf8
28. Rd1 Bc8 29. Qc5 Bg4 30. hxg6 hxg6 31. Qd6 Ne6 32. Qxc7 Rxc7 33. Rd2 Bxf3+
34. Kxf3 Nd4+ 35. Ke3 Kf7 36. Ne2 Ne6 37. f4 Ke7 1/2-1/2

[Event "Pavlodar Open 2016"]
[Site "Pavlodar, "]
[Date "2016.11.23"]
[Round "4"]
[White "Malakhatko, Vadim"]
[Black "Suleymenov, Alisher"]
[Result "1/2-1/2"]
[WhiteElo "2504"]
[BlackElo "2277"]
[PlyCount "46"]
[EventDate "2017.??.??"]

1. d4 Nf6 2. c4 b6 3. Nc3 Bb7 4. Qc2 d5 5. cxd5 Nxd5 6. Nf3 g6 7. e4 Nxc3 8.
bxc3 Bg7 9. Be2 O-O 10. O-O Nd7 11. Be3 e6 12. a4 c5 13. a5 Qc7 14. Qb1 Rfd8
15. Nd2 Rac8 16. axb6 axb6 17. e5 Bd5 18. Bb5 Nb8 19. Bg5 Rf8 20. Ne4 Bxe4 21.
Qxe4 Nc6 22. Qf4 Ra8 23. Rab1 Ra3 1/2-1/2

[Event "Pavlodar Open 2016"]
[Site "Pavlodar, "]
[Date "2016.11.24"]
[Round "5"]
[White "Makhnyov, Denis"]
[Black "Malakhatko, Vadim"]
[Result "1/2-1/2"]
[WhiteElo "2366"]
[BlackElo "2504"]
[PlyCount "32"]
[EventDate "2017.??.??"]

1. d4 d5 2. Nf3 c6 3. c4 Nf6 4. e3 a6 5. Bd3 Bg4 6. Nbd2 e6 7. O-O Nbd7 8. b3
Bh5 9. Bb2 Be7 10. Qc2 Bg6 11. e4 dxe4 12. Nxe4 Nxe4 13. Bxe4 Bxe4 14. Qxe4 Nf6
15. Qe5 O-O 16. Bc3 a5 1/2-1/2